00519nam a2200169Ia 4500003000900000008004100009020001800050040001600068080002100084245012200105260003700227300001500264650001800279650001400297650001700311700002100328IN-BaIIA211028s9999 xx 000 0 eng d a0-8243-0934-0 cIIA Library a047.1:52bARA-34 0aAnnual review of astronomy and astrophysicsbvol. 34cedited by G. Burbidge  aCaliforniabAnnual Reviewsc1996 avii, 825p. aAnnual review aAstronomy aAstrophysics aBurbidge, G., ed